| 000 | 00557nam a22001817a 4500 | ||
|---|---|---|---|
| 003 | CEME | ||
| 005 | 20210628202311.0 | ||
| 008 | 210210b xxu||||| |||| 00| 0 eng d | ||
| 020 | _a0-8247-2315-5 | ||
| 040 | _c. | ||
| 082 | _a620.000452 BEN | ||
| 100 |
_aBenaroya , Haym ,Mi Han , Sean _959227 |
||
| 245 | _aProbability models in engineering and science | ||
| 260 |
_aNEW YORK _bTAYLOR AND FRANCIS PUBLISHER _c2005 |
||
| 300 | _aXVI,732P | ||
| 650 |
_aRELIABILITY ENGINEERING-MATHEMATICAL MODELS.APPLIED PROBABILISTIC MODELS _959228 |
||
| 942 |
_cBK _2ddc |
||
| 999 |
_c569256 _d569256 |
||